<?xml version="1.0" encoding="UTF-8"?>
<marc:record xmlns:marc="http://www.loc.gov/MARC21/slim">
   <marc:leader>00000nam a2200000 a 4500</marc:leader>
   <marc:datafield ind1="1" ind2=" " tag="100">
      <marc:subfield code="a">London, Jack</marc:subfield>
      <marc:subfield code="4">aut</marc:subfield>
      <marc:subfield code="e">Verfasser/-in</marc:subfield>
   </marc:datafield>
   <marc:datafield ind1="1" ind2=" " tag="100">
      <marc:subfield code="a">Magnus, Erwin</marc:subfield>
      <marc:subfield code="4">trl</marc:subfield>
      <marc:subfield code="e">Übersetzer/-in</marc:subfield>
   </marc:datafield>
   <marc:datafield ind1=" " ind2=" " tag="653">
      <marc:subfield code="a">Softcover / Sachbücher/Geschichte/Neuzeit bis 1918</marc:subfield>
   </marc:datafield>
   <marc:datafield ind1=" " ind2=" " tag="653">
      <marc:subfield code="a">Historische Romane und Erzählungen</marc:subfield>
   </marc:datafield>
   <marc:datafield ind1="0" ind2="0" tag="245">
      <marc:subfield code="a">Menschen der Tiefe</marc:subfield>
   </marc:datafield>
   <marc:datafield ind1="0" ind2="0" tag="245">
      <marc:subfield code="b">Reportage aus dem Londoner East End um 1900</marc:subfield>
   </marc:datafield>
   <marc:datafield ind1="0" ind2="0" tag="245">
      <marc:subfield code="c">Jack London. [Aus dem Engl. von Erwin Magnus</marc:subfield>
   </marc:datafield>
   <marc:datafield ind1=" " ind2="1" tag="264">
      <marc:subfield code="a">Darmstadt</marc:subfield>
      <marc:subfield code="b">Reprint-Verl. Leipzig in der Primus-Verl.</marc:subfield>
      <marc:subfield code="c">2013</marc:subfield>
   </marc:datafield>
   <marc:datafield ind1=" " ind2=" " tag="250">
      <marc:subfield code="a">Reprint der dt. Erstausg. Berlin, [Universitas, Dt. Verl.-Aktienges.], 1928</marc:subfield>
   </marc:datafield>
   <marc:datafield ind1="1" ind2=" " tag="520">
      <marc:subfield code="a">Angaben aus der Verlagsmeldung

Menschen der Tiefe : Reportage aus dem Londoner East End um 1900 / von Jack London

Vor 125 Jahren, im Herbst 1888, ereignete sich im Londoner East End eine Serie von Morden an Gelegenheitsprostituierten. Wegen der Grausamkeit der Morde und der teilweisen Verstümmelungen fand die Mordserie ein lebhaftes Medienecho und bestimmte über Jahrzehnte den Ruf des Viertels als Elendsquartier mit hohem Gewaltpotenzial. Jack London stattete sich mit abgerissener Kleidung aus und tauchte für sieben Wochen im Londoner East End unter. Für seine Undercover-Recherche hatte er sich die Legende vom arbeitslosen US-Matrosen zugelegt. „Ich wollte lieber mit eigenen Augen sehen, als mich von Leuten belehren lassen, die nichts gesehen, oder von solchen, die vor mir schon alles gesehen und erlebt hatten.“ Seine Analyse ist scharfsinnig, oft fast naturalistisch. Die sozialen Umstände und die Menschen, die er trifft, schildert er auf eine Weise, die ihn zum geistigen Ahnherrn der investigativen Sozialreportage macht, die später von Autoren wie Kisch und Wallraff repräsentiert wurde.
</marc:subfield>
   </marc:datafield>
   <marc:datafield ind1=" " ind2=" " tag="020">
      <marc:subfield code="a">9783826230462</marc:subfield>
      <marc:subfield code="9">9783826230462</marc:subfield>
   </marc:datafield>
   <marc:datafield ind1=" " ind2=" " tag="020">
      <marc:subfield code="a">3826230469</marc:subfield>
      <marc:subfield code="9">3826230469</marc:subfield>
   </marc:datafield>
   <marc:datafield ind1=" " ind2=" " tag="041">
      <marc:subfield code="a">ger</marc:subfield>
   </marc:datafield>
   <marc:datafield ind1=" " ind2=" " tag="300">
      <marc:subfield code="a">269 S.</marc:subfield>
   </marc:datafield>
</marc:record>
